PSAC Logo Quiz - Statistics

General Stats
  • This quiz has been taken 6 times
  • The average score is 9 of 17
Answer Stats
Picture Answer % Correct
Gannon
80%
Indiana
80%
Slippery Rock
80%
Clarion
60%
East Stroudsburg
60%
Kutztown
60%
Seton Hill
60%
Shepherd
60%
Shippensburg
60%
West Chester
60%
Bloomsburg
40%
California
40%
Edinboro
40%
Lock Haven
40%
Mansfield
40%
Millersville
40%
Pitt-Johnstown
20%
No matching quizzes found
Score Distribution
Percent of People with Each Score
Percentile by Number Answered
Your Score History
You have not taken this quiz